Normal view
MARC view
- PHILLIPS,DEBORAH,1952
Entry Personal Name
001 - CONTROL NUMBER
- control field: 6320
003 - CONTROL NUMBER IDENTIFIER
- control field: JO-AjAnu
005 - DATE AND TIME OF LATEST TRANSACTION
- control field: 20230606071326.0
008 - FIXED-LENGTH DATA ELEMENTS
- fixed length control field: 230606|| aca||aabn | a|a d
040 ## - CATALOGING SOURCE
- Original cataloging agency: JO-AjAnu
- Transcribing agency: JO-AjAnu
100 ## - HEADING--PERSONAL NAME
- Personal name: PHILLIPS,DEBORAH,1952
670 ## - SOURCE DATA FOUND
- Source citation: Work cat.: (JO-AjAnu)3274: PHILLIPS,DEBORAH,1952, author, Longman PREPARATION COURSE FOR THE TOEFL TEST: The Paper Test